[Event "Olympiad-42"]
[Site "Baku"]
[Date "2016.09.13"]
[Round "11.2"]
[White "Latela, Kananelo"]
[Black "Khan, Taffin"]
[Result "1/2-1/2"]
[WhiteElo "1736"]
[BlackElo "1877"]
[PlyCount "100"]
[EventDate "2016.09.02"]
[EventType "team-swiss"]
[EventRounds "11"]
[EventCountry "AZE"]
[SourceTitle "CBM 175"]
[Source "ChessBase"]
[SourceDate "2016.11.10"]
[SourceVersion "1"]
[SourceVersionDate "2016.11.10"]
[SourceQuality "1"]
[WhiteTeam "Lesotho"]
[BlackTeam "Guyana"]
[WhiteTeamCountry "LES"]
[BlackTeamCountry "GUY"]

1. d4 Nf6 2. Nf3 d6 3. g3 Nbd7 4. Bg2 e5 5. dxe5 dxe5 6. 0-0 Be7 7. c4 0-0 8. Qc2 c6 9. Nc3 Qc7 10. Nh4 Re8 11. Nf5 Bf8 12. Bg5 h6 13. Bd2 Nc5 14. Ne3 Ne6 15. Rfe1 Nd4 16. Qc1 Nh7 17. Nc2 Nf5 18. b4 Nd6 19. Ne3 f5 20. c5 Nf7 21. Qc2 g6 22. Rad1 Nf6 23. Bc1 Be6 24. Bb2 Bg7 25. a4 Re7 26. Nb1 Rae8 27. Nd2 e4 28. Ndc4 Nd5 29. Bxg7 Kxg7 30. Qb2+ Kh7 31. Nxd5 Bxd5 32. Ne3 Be6 33. Nc2 Ne5 34. Nd4 Bd5 35. Qc3 Rf7 36. b5 g5 37. bxc6 bxc6 38. Nb5 cxb5 39. Rxd5 bxa4 40. Red1 Rd7 41. Bh3 g4 42. Bf1 Red8 43. Rxd7+ Rxd7 44. Rxd7+ Nxd7 45. c6 Ne5 46. e3 a3 47. Qxa3 Nxc6 48. Qc5 Qd7 49. Bb5 Qd1+ 50. Bf1 Qd7 1/2-1/2

[Event "Olympiad-42"]
[Site "Baku"]
[Date "2016.09.04"]
[Round "3.3"]
[White "Franklyn, Gibson"]
[Black "Latela, Kananelo"]
[Result "0-1"]
[WhiteElo "1987"]
[BlackElo "1736"]
[PlyCount "94"]
[EventDate "2016.09.02"]
[EventType "team-swiss"]
[EventRounds "11"]
[EventCountry "AZE"]
[SourceTitle "CBM 175"]
[Source "ChessBase"]
[SourceDate "2016.11.10"]
[SourceVersion "1"]
[SourceVersionDate "2016.11.10"]
[SourceQuality "1"]
[WhiteTeam "Bahamas"]
[BlackTeam "Lesotho"]
[WhiteTeamCountry "BAH"]
[BlackTeamCountry "LES"]

1. d4 d5 2. c4 c6 3. Nc3 Nf6 4. Nf3 e6 5. Bg5 h6 6. Bxf6 Qxf6 7. e3 g6 8. Bd3 Bg7 9. 0-0 Nd7 10. Re1 0-0 11. e4 dxc4 12. Bxc4 e5 13. d5 Nb6 14. Bb3 Bg4 15. h3 Bd7 16. Rc1 Rad8 17. Qe2 h5 18. Qe3 Nc8 19. Rc2 Nd6 20. h4 a6 21. a4 Bg4 22. Ng5 Bh6 23. f3 Bc8 24. a5 Qe7 25. dxc6 bxc6 26. Na4 Nb5 27. Qc5 Bxg5 28. hxg5 Qxg5 29. Qe3 Qxe3+ 30. Rxe3 Rd1+ 31. Kh2 Ra1 32. Nc5 Nd4 33. Rcc3 Rxa5 34. Bd1 Ra1 35. Be2 Rb1 36. Bxa6 Bxa6 37. Nxa6 Rxb2 38. Rc4 Ra8 39. Nb4 Ra4 40. Nd3 Rxg2+ 41. Kxg2 Rxc4 42. Nxe5 Rc2+ 43. Kh3 Kg7 44. Rd3 Ne6 45. Rd7 Kf6 46. Nxf7 g5 47. Nd8 Nf4+ 0-1

[Event "Johannesburg Tsogo Sun op"]
[Site "Johannesburg"]
[Date "2015.07.18"]
[Round "7"]
[White "Du Plessis, Heinco"]
[Black "Latela, Kananelo"]
[Result "1/2-1/2"]
[WhiteElo "2031"]
[BlackElo "1622"]
[PlyCount "108"]
[EventDate "2015.07.15"]
[EventType "swiss"]
[EventRounds "9"]
[EventCountry "RSA"]
[SourceTitle "CBM 167 Extra"]
[Source "ChessBase"]
[SourceDate "2015.09.14"]
[SourceVersion "1"]
[SourceVersionDate "2015.09.14"]
[SourceQuality "1"]

1. e4 c5 2. Nf3 d6 3. d4 cxd4 4. Nxd4 Nf6 5. Nc3 a6 6. Be3 e5 7. Nb3 Be7 8. f3 Be6 9. Qd2 0-0 10. 0-0-0 Qc7 11. g4 Nbd7 12. Kb1 Rac8 13. g5 Nh5 14. Ne2 f5 15. Ng3 f4 16. Nxh5 fxe3 17. Qg2 g6 18. Nf6+ Bxf6 19. gxf6 Nxf6 20. Bd3 Nh5 21. Qe2 Qb6 22. Rhe1 d5 23. exd5 Bxd5 24. Qxe3 Qxe3 25. Rxe3 Bxf3 26. Rde1 e4 27. Bxe4 Bxe4 28. Rxe4 Rf2 29. R4e2 Rxe2 30. Rxe2 Rc7 31. Nd2 Nf4 32. Rf2 Ne6 33. c4 Rf7 34. Rxf7 Kxf7 35. Ne4 Ke7 36. b4 Nd4 37. Nc5 Nc6 38. a3 Nd8 39. Kc2 Kd6 40. Kd3 Ke5 41. a4 g5 42. a5 g4 43. b5 axb5 44. cxb5 Kd5 45. Nd7 Kd6 46. a6 bxa6 47. bxa6 Nc6 48. Nf6 Nb4+ 49. Ke4 Nxa6 50. Nxh7 Ke6 51. Kf4 Kf7 52. Kxg4 Kg7 53. Ng5 Nc5 54. h4 Nd7 1/2-1/2

[Event "Olympiad-41"]
[Site "Tromsoe"]
[Date "2014.08.05"]
[Round "4.3"]
[White "Latela, Kananelo"]
[Black "Ho, Jei Chen"]
[Result "0-1"]
[WhiteElo "1479"]
[BlackElo "1808"]
[PlyCount "120"]
[EventDate "2014.08.02"]
[EventType "team-swiss"]
[EventRounds "11"]
[EventCountry "NOR"]
[SourceTitle "CBM 162"]
[Source "ChessBase"]
[SourceDate "2014.09.17"]
[SourceVersion "1"]
[SourceVersionDate "2014.09.17"]
[SourceQuality "1"]
[WhiteTeam "Lesotho"]
[BlackTeam "Chinese Taipei"]
[WhiteTeamCountry "LES"]
[BlackTeamCountry "TPE"]

1. e4 e6 2. d4 d5 3. Nd2 c5 4. c3 cxd4 5. cxd4 dxe4 6. Nxe4 Bb4+ 7. Nc3 Nf6 8. Bd3 0-0 9. Nf3 a6 10. 0-0 b5 11. Qe2 Bb7 12. Rd1 Nbd7 13. Bg5 Be7 14. Ne5 Nd5 15. Bxe7 Qxe7 16. Nxd5 Bxd5 17. Be4 Bxe4 18. Qxe4 Nf6 19. Qh4 Nd5 20. Qxe7 Nxe7 21. Rac1 Rac8 22. Kf1 Rfd8 23. Rxc8 Rxc8 24. Ke2 Nd5 25. Nd3 Kf8 26. Rc1 Rxc1 27. Nxc1 Ke7 28. Nd3 a5 29. Kd2 Kd6 30. Kc2 f6 31. g3 Ne7 32. Nf4 g5 33. Ne2 Nc6 34. a3 h5 35. Kd3 Ne7 36. Nc3 Kc6 37. h3 f5 38. f3 Ng6 39. Ne2 Kd5 40. b3 b4 41. axb4 axb4 42. f4 g4 43. hxg4 fxg4 44. Kd2 Ke4 45. Ke1 Ne7 46. Kd2 Nf5 47. Ke1 Nxd4 48. Nxd4 Kxd4 49. Kd2 Ke4 50. Ke2 h4 51. gxh4 Kxf4 52. Kf2 g3+ 53. Kg2 Kg4 54. h5 Kxh5 55. Kxg3 Kg5 56. Kf3 Kf5 57. Ke3 Ke5 58. Kd3 Kd5 59. Ke3 e5 60. Kd3 e4+ 0-1